LIBRARY ONLINE CATALOGUE

Redesigning Kenya's political system through shared governance / (Record no. 13057)

MARC details
000 -LEADER
fixed length control field 00794nam a22002292 4500
001 - CONTROL NUMBER
control field 0000007262
005 - DATE AND TIME OF LATEST TRANSACTION
control field 20151217155833.0
008 - FIXED-LENGTH DATA ELEMENTS--GENERAL INFORMATION
fixed length control field 071213s xx 000 0 eng d
020 ## - INTERNATIONAL STANDARD BOOK NUMBER
International Standard Book Number 996694804x :
Terms of availability KES
040 ## - CATALOGING SOURCE
Original cataloging agency KABU
Transcribing agency KABU
100 1# - MAIN ENTRY--PERSONAL NAME
Personal name Barasa, Tiberius.
-- 0000153245
245 10 - TITLE STATEMENT
Title Redesigning Kenya's political system through shared governance /
Statement of responsibility, etc. Tiberius Barasa.
260 ## - PUBLICATION, DISTRIBUTION, ETC. (IMPRINT)
Place of publication, distribution, etc. Nairobi :
Name of publisher, distributor, etc. IPAR,
Date of publication, distribution, etc. 2007.
300 ## - PHYSICAL DESCRIPTION
Extent iv, 47 p.
440 #0 - SERIES STATEMENT/ADDED ENTRY--TITLE
Title IPAR discussion paper.
Number of part/section of a work no. 094.
-- 0000158456
650 #0 - SUBJECT ADDED ENTRY--TOPICAL TERM
Topical term or geographic name as entry element Representative government and representation
Geographic subdivision Kenya.
-- 0000158457
650 #0 - SUBJECT ADDED ENTRY--TOPICAL TERM
Topical term or geographic name as entry element Democracy
Geographic subdivision Kenya.
-- 0000153228
650 #0 - SUBJECT ADDED ENTRY--TOPICAL TERM
Topical term or geographic name as entry element Kenya
Topical term following geographic name as entry element Politics and government
Chronological subdivision 2002-.
-- 0000158458
908 ## - PUT COMMAND PARAMETER (RLIN)
Put command parameter 071213
950 ## - LOCAL HOLDINGS (RLIN)
-- 1
Holdings
Withdrawn status Lost status Source of classification or shelving scheme Not for loan Home library Current library Date acquired Total Checkouts Full call number Barcode Date last seen Price effective from Koha item type
    Library of Congress Classification   Kabarak, Main Campus Kabarak, Main Campus 17/12/2015   JQ2947 .A58B37 011463 17/12/2015 17/12/2015 Africana Collection